000 00791nam a2200265 a 4500
001 58969
003 BD-RjUL
005 20211209080659.0
008 831214s1984 maub b 001 0 eng
020 _a0316987727 (pbk.)
035 _a(BD-RjUL)59093
040 _aDLC
_cDLC
_dBD-RjUL
_beng
041 _aeng
082 0 0 _a327.0904
_223
_bZiW 1984
100 1 _aZiegler, David W.
_9175347
245 1 0 _aWar, peace, and international politics /
_cDavid W. Ziegler.
250 _a3rd ed.
260 _aBoston :
_bLittle, Brown,
_cc1984.
300 _axix, 458 p. :
_bill. ;
_c23 cm.
504 _aIncludes bibliographical references and index.
650 0 _aInternational relations.
_9172346
650 0 _aWar (International law)
_9175348
650 0 _aPeace.
_9175349
942 _2ddc
_cBK
999 _c58969
_d58969